<?xml version="1.0" encoding="UTF-8"?>
<record
    xmlns:xsi="http://www.w3.org/2001/XMLSchema-instance"
    xsi:schemaLocation="http://www.loc.gov/MARC21/slim http://www.loc.gov/standards/marcxml/schema/MARC21slim.xsd"
    xmlns="http://www.loc.gov/MARC21/slim">

  <leader>00673nam a2200145Ia 4500</leader>
  <controlfield tag="008">100204s9999    xx            000 0 und d</controlfield>
  <datafield tag="082" ind1=" " ind2=" ">
    <subfield code="b">17696</subfield>
  </datafield>
  <datafield tag="100" ind1=" " ind2=" ">
    <subfield code="a">&#x926;&#x947;&#x936;&#x92E;&#x941;&#x916;    &#x936;&#x94D;&#x930;&#x940;.    &#x926;.</subfield>
  </datafield>
  <datafield tag="245" ind1=" " ind2=" ">
    <subfield code="a">&#x906;&#x926;&#x94D;&#x92F; &#x936;&#x902;&#x915;&#x930;&#x93E;&#x91A;&#x93E;&#x930;&#x94D;&#x92F; &#x935;&#x93F;&#x930;&#x91A;&#x93F;&#x924; - &#x938;&#x94D;&#x924;&#x94B;&#x924;&#x94D;&#x930;&#x93E;&#x935;&#x932;&#x940; - 1</subfield>
  </datafield>
  <datafield tag="260" ind1=" " ind2=" ">
    <subfield code="b">"&#x92A;&#x94D;&#x930;&#x938;&#x93E;&#x926;   &#x92A;&#x94D;&#x930;&#x915;&#x93E;&#x936;&#x928; ,  &#x92A;&#x941;&#x923;&#x947;"</subfield>
    <subfield code="c">1994</subfield>
  </datafield>
  <datafield tag="300" ind1=" " ind2=" ">
    <subfield code="a">298</subfield>
  </datafield>
  <datafield tag="630" ind1=" " ind2=" ">
    <subfield code="a">&#x906;&#x926;&#x94D;&#x92F; &#x936;&#x902;&#x915;&#x930;&#x93E;&#x91A;&#x93E;&#x930;&#x94D;&#x92F; &#x935;&#x93F;&#x930;&#x91A;&#x93F;&#x924; - &#x938;&#x94D;&#x924;&#x94B;&#x924;&#x94D;&#x930;&#x93E;&#x935;&#x932;&#x940; - 1</subfield>
  </datafield>
  <datafield tag="730" ind1=" " ind2=" ">
    <subfield code="a">&#x906;&#x926;&#x94D;&#x92F; &#x936;&#x902;&#x915;&#x930;&#x93E;&#x91A;&#x93E;&#x930;&#x94D;&#x92F; &#x935;&#x93F;&#x930;&#x91A;&#x93F;&#x924; - &#x938;&#x94D;&#x924;&#x94B;&#x924;&#x94D;&#x930;&#x93E;&#x935;&#x932;&#x940; - 1</subfield>
  </datafield>
  <datafield tag="942" ind1=" " ind2=" ">
    <subfield code="c">BOOK</subfield>
  </datafield>
  <datafield tag="999" ind1=" " ind2=" ">
    <subfield code="c">462119</subfield>
    <subfield code="d">462116</subfield>
  </datafield>
  <datafield tag="952" ind1=" " ind2=" ">
    <subfield code="0">0</subfield>
    <subfield code="1">0</subfield>
    <subfield code="4">0</subfield>
    <subfield code="7">0</subfield>
    <subfield code="a">NCKMULUND</subfield>
    <subfield code="b">NCKMULUND</subfield>
    <subfield code="d">2010-02-04</subfield>
    <subfield code="g">150.00</subfield>
    <subfield code="l">0</subfield>
    <subfield code="o">17696</subfield>
    <subfield code="p">NCKMULUND-17696</subfield>
    <subfield code="r">2010-02-04 00:00:00</subfield>
    <subfield code="v">150.00</subfield>
    <subfield code="w">2010-02-04</subfield>
    <subfield code="y">BOOK</subfield>
  </datafield>
</record>
